000 01104nmc a2200373 a 4500
003 AR-BaBNM
005 20251128204710.0
008 135019s1988 ||||||||||||||000 | spa||
020 _a950-13-6131-4
040 _cAR-BaBNM
100 1 _aTreffel, Jacques
245 1 0 _aPresente y futuro del audiovisual en educación
260 _aBuenos Aires
_bKapelusz
_c1988
300 _bcuadros
490 0 _aBiblioteca de cultura pedagogica. Didáctica
500 _aTraducción de Zoraida Valcarcel
500 _aNotas al término de los capítulos
650 4 _aENSENANZA AUDIOVISUAL
650 4 _aENSENANZA POR MULTIMEDIOS
650 4 _aTELEVISION EDUCATIVA
650 4 _aDIFUSION DE LA INFORMACION
650 4 _aMEDIOS DE COMUNICACION DE MASAS
650 4 _aFORMACION DE DOCENTES
650 4 _aRADIO
650 4 _aDOCUMENTALES
650 4 _aMETODOS DE CAPACITACION
650 4 _aTECNOLOGIA AUDIOVISUAL
650 4 _aTECNOLOGIA EDUCATIVA
651 4 _aFrancia
653 _aINVESTIGACION EDUCATIVA
800 1 _aTedesco, Juan Carlos
_edirector
942 _cBK
998 _cEthel
999 _c8470
_d8470